| 000 | | | 03687nac2a22002531x 450 |
| 001 | | | 3302392d-c167-4668-b760-2c3a9ea0e72a |
| 005 | | | 20131123191015.0 |
| 100 | ## | $a | 20130717l1904 k y0rusy50 ca |
| 101 | 0# | $a | rus |
| 102 | ## | $a | RU |
| 105 | ## | $a | y z ||||| |
| 200 | 1# | $a | Заявления о приеме в члены Русского собрания |
| | $j | 1904 |
| 215 | ## | $a | 115 листов |
| 251 | ## | $c | Дело |
| 300 | ## | $a | Листы 2-5: печатный текст |
| 300 | ## | $a | Часть текста рукописная, часть - напечатана типографским способом и на пишущей машинке |
| 330 | ## | $a | Б. Материалы общественно-политической деятельности Б. В. Никольского. русское собрание |
| 461 | #0 | $1 | 0011c5950b4-9b17-43ad-92f1-e565a07ae223 |
| | $1 | 2001 |
| | $a | Никольский Борис Владимирович, историк права, профессор Юрьевского и Петербургского университетов, один из руководителей главного совета "Русского собрания", поэт, критик |
| | $1 | 251 |
| | $c | Фонд |
| | $1 | 852 |
| | $j | 588 |
| 462 | #0 | $1 | 001855f2cb0-80f8-42f6-88fa-41bf4837b2b7 |
| | $1 | 2001 |
| | $a | Никольский Борис Владимирович. 1837-1919 гг. |
| | $1 | 251 |
| | $c | Опись |
| | $1 | 852 |
| | $j | 1 |
| 600 | #1 | $a | Никольский |
| | $b | Б. В. |
| | $g | Борис Владимирович |
| 601 | 02 | $3 | RU\NLR\AUTH\8810051422 |
| | $a | Русское собрание |
| | $c | Санкт-Петербург |
| 801 | #0 | $a | RU |
| | $b | GA_RF |
| 801 | #1 | $a | RU |
| | $b | НПО Опыт |
| | $c | 20130717 |
| | $2 | rusmarc |
| 801 | #2 | $a | RU |
| | $b | ПБ им. Б.Н. Ельцина |
| | $c | 20131123 |
| | $g | RCR |
| | $2 | rusmarc |
| 852 | ## | $a | ГА РФ |
| | $j | 1249 |
| 937 | ## | $d | 42004683 |
| | $h | ПБ |
| 035 | ## | $a | RuPRLIB51009494 |